000 00577nam a2200217Ia 4500
003 OSt
005 20220918192817.0
006 a|||||r|||| 00| 0
007 ta
008 220917b |||||||| |||| 00| 0 eng d
024 _a70,443
037 _cTextual
040 _aARTS
_cARTS
_beng
041 _2eng
_aeng
082 _aR3M3-3, K6
100 _aCarlo William E
_980264
245 0 _aUltimate reducbility or essence to existence in existetial metaphysics
260 _c1966
942 _hR3M3-3, K6
_cTEXL
_2CC
999 _c196541
_d196541